Bakewell Management Ltd v Brandwood and others (Record no. 72049)

MARC details
000 -LEADER
fixed length control field 01729cam a2200253 4500
001 - CONTROL NUMBER
control field ABS66386
008 - FIXED-LENGTH DATA ELEMENTS--GENERAL INFORMATION
fixed length control field 030204n2003 000 0 eng u
035 ## - SYSTEM CONTROL NUMBER
System control number (Sirsi) u121235
245 ## - TITLE STATEMENT
Title Bakewell Management Ltd v Brandwood and others
260 ## - PUBLICATION, DISTRIBUTION, ETC.
Date of publication, distribution, etc. 2003
490 ## - SERIES STATEMENT
Series statement Estates Gazette
Volume/sequential designation [2003] 06 EG 146 (CS)
490 ## - SERIES STATEMENT
Series statement Estates Gazette
Volume/sequential designation [2003] 09 EG 198-207(8)
520 ## - SUMMARY, ETC.
Summary, etc. [2003] EWCA Civ 23, 30 January 2003. The respondent company (X) owned a common, which under the previous owner's deed was subject to provisions in the Law of Property Act 1925 s193 prohibiting vehicular access to the land. Appellants (Y) owned properties near or on the common and had enjoyed vehicular access for over 20 years without objection from X. X brought proceedings claiming that the vehicular access was unlawful. Y claimed each household had an easement of way acquired under the Prescription Act 1832 and/or by the doctrine of lost modern grant. Judgment for X on the grounds that neither form of prescription could be based upon activity that was contrary to the criminal law. Y appealed. "Held": appeal dismissed in accordance with "Hanning v Top Deck Travel Group Ltd" (CA [1994] 68 P&CR 14). Y's claim to an easement failed because they could not show 20 years continuous lawful use. (For ChD see WB3813-21). View judgment at www.courtservice.gov.uk.
590 ## - LOCAL NOTE (RLIN)
Local note ABS
650 ## - SUBJECT ADDED ENTRY--TOPICAL TERM
Topical term or geographic name entry element BAKEWELL MANAGEMENT LTD V BRANDWOOD AND OTHERS
650 ## - SUBJECT ADDED ENTRY--TOPICAL TERM
Topical term or geographic name entry element HANNING V TOP DECK TRAVEL GROUP LTD
650 ## - SUBJECT ADDED ENTRY--TOPICAL TERM
Topical term or geographic name entry element VEHICULAR ACCESS
650 ## - SUBJECT ADDED ENTRY--TOPICAL TERM
Topical term or geographic name entry element LOST MODERN GRANT
650 ## - SUBJECT ADDED ENTRY--TOPICAL TERM
Topical term or geographic name entry element LAW OF PROPERTY ACT 1925 S193
650 ## - SUBJECT ADDED ENTRY--TOPICAL TERM
Topical term or geographic name entry element PRESCRIPTION ACT 1832
650 ## - SUBJECT ADDED ENTRY--TOPICAL TERM
Topical term or geographic name entry element COMMON LAND
690 ## - LOCAL SUBJECT ADDED ENTRY--TOPICAL TERM (OCLC, RLIN)
Topical term or geographic name as entry element PROPERTY AND LAND LAW-CASE LAW
942 ## - ADDED ENTRY ELEMENTS (KOHA)
Suppress in OPAC 0
Holdings
Withdrawn status Lost status Source of classification or shelving scheme Damaged status Not for loan Home library Current library Shelving location Date acquired Total Checkouts Full call number Barcode Date last seen Copy number Price effective from Koha item type
    Dewey Decimal Classification     London London Journal article 04/02/2003   ABS66386 121235-1001 06/08/2019 1 06/08/2019 Law report